What really matters : (Record no. 919)
[ view plain ]
| 000 -LEADER | |
|---|---|
| fixed length control field | 00637nam a22002052 4500 |
| 001 - CONTROL NUMBER | |
| control field | 0000018500 |
| 005 - DATE AND TIME OF LATEST TRANSACTION | |
| control field | 20151021151125.0 |
| 008 - FIXED-LENGTH DATA ELEMENTS--GENERAL INFORMATION | |
| fixed length control field | 100202s xx 000 0 eng d |
| 020 ## - INTERNATIONAL STANDARD BOOK NUMBER | |
| International Standard Book Number | 0195331325 : |
| 040 ## - CATALOGING SOURCE | |
| Original cataloging agency | KABU |
| Transcribing agency | KABU |
| 100 1# - MAIN ENTRY--PERSONAL NAME | |
| Personal name | Kleinman, Arthur. |
| -- | 0000155919 |
| 245 10 - TITLE STATEMENT | |
| Title | What really matters : |
| Remainder of title | living a moral life amidst uncertainty and danger / |
| Statement of responsibility, etc. | Arthur Kleinman. |
| 250 ## - EDITION STATEMENT | |
| Edition statement | 1st ed. |
| 260 ## - PUBLICATION, DISTRIBUTION, ETC. (IMPRINT) | |
| Place of publication, distribution, etc. | Oxford : |
| Name of publisher, distributor, etc. | O. U. P., |
| Date of publication, distribution, etc. | 2006. |
| 300 ## - PHYSICAL DESCRIPTION | |
| Extent | viii, 260 p. |
| 650 #0 - SUBJECT ADDED ENTRY--TOPICAL TERM | |
| Topical term or geographic name as entry element | Conduct of life. |
| -- | 0000157197 |
| 852 1# - LOCATION | |
| -- | p1558.70 KSH |
| 908 ## - PUT COMMAND PARAMETER (RLIN) | |
| Put command parameter | 100202 |
| 950 ## - LOCAL HOLDINGS (RLIN) | |
| -- | 1 |
| Withdrawn status | Lost status | Source of classification or shelving scheme | Not for loan | Home library | Current library | Date acquired | Total Checkouts | Full call number | Barcode | Date last seen | Price effective from | Koha item type | Date last checked out |
|---|---|---|---|---|---|---|---|---|---|---|---|---|---|
| Library of Congress Classification | Kabarak, Main Campus | Kabarak, Main Campus | 17/12/2015 | 3 | BJ1547 .K54 2006 c. 1 | 18341 | 02/08/2024 | 17/12/2015 | General Collection | 12/02/2024 | |||
| Library of Congress Classification | Kabarak, Nakuru City Campus | Kabarak, Nakuru City Campus | 21/10/2015 | BJ1547 .K54 2006 c. 1 | 18342 | 21/10/2015 | 21/10/2015 | General Collection |